01394nam a2200301 i 4500001001000000003000900010005001700019007000300036008004100039040003000080041000800110082001900118100005100137245011800188264006000306300003200366336002700398337003400425338003000459490004500489504003800534710005100572942001300623952013300636952014100769952016500910999001701075000029375DO-SdBNP20251013132206.0ta110415s1975 dr 000 0 spa d aDO-SdBNPbspacBNPHUerda aspa 4axxxbC117e2221 aCabral Ortega, Héctor A.eautor9171944aut.10aEconomía de planificación y producción azucarera en la República Dominicana /cHéctor A. Cabral Ortega. aSanto Domingo, República Dominicana : bUASD,c1975. a31, [1] páginas ;c23 cm. atextobtxt2rdacontent asin mediación bn2rdamedia avolumen bnc2rdacarrier0 aColección Conferenciavno. 29vvo. 182 aBibliografía: páginas 31-[32]1 aUniversidad Autónoma de Santo Domingo972951 2ddccLF2 00102ddc51708PDaBNPHUbBNPHUcCTd2011-04-15l0oBNPHU F-PD xxx C117ep29375-10r2020-06-25w2020-06-25yLFPDZNo se presta 00102ddc51708PD-FaBNPHUbBNPHUcCTd2011-04-15l0oBNPHU F-PD xxx C117ep29375-20r2020-06-25te. 2w2020-06-25yLFPDZNo se presta 00102ddc56708DS-FaBNPHUbBNPHUcCTd2024-05-08eDonado por Ministerio de la Mujer l0oBNPHU F-DS xxx C117ep2025-11719r2025-10-13te. 3w2025-10-13yLFDS c28867d28867